[Event "Nova Gorica op-A 26th"]
[Site "Nova Gorica"]
[Date "2022.09.21"]
[Round "8"]
[White "Leitner, Gerald"]
[Black "Azinovic, Igor"]
[Result "1-0"]
[WhiteElo "2181"]
[BlackElo "1814"]
[PlyCount "41"]
[EventDate "2022.09.16"]
[EventType "swiss"]
[EventRounds "9"]
[EventCountry "SLO"]
[SourceTitle "CBM 210 Extra"]
[Source "ChessBase"]
[SourceDate "2022.11.30"]
[SourceVersion "1"]
[SourceVersionDate "2022.11.30"]
[SourceQuality "1"]

1. e4 c5 2. Nf3 d6 3. g3 Nf6 4. d3 Nc6 5. Bg2 g6 6. 0-0 Bg7 7. Nbd2 0-0 8. Re1 Be6 9. c3 Qd7 10. Ng5 Bg4 11. f3 h6 12. fxg4 hxg5 13. h3 Ne8 14. Nf3 f6 15. Be3 b6 16. d4 Qc7 17. Rc1 Rd8 18. b4 d5 19. exd5 Rxd5 20. Qb3 Kh7 21. Qxd5 1-0

[Event "AUT-ch"]
[Site "Vienna"]
[Date "2022.08.14"]
[Round "3"]
[White "Kruckenhauser, Arthur"]
[Black "Leitner, Gerald"]
[Result "1/2-1/2"]
[WhiteElo "2269"]
[BlackElo "2152"]
[PlyCount "119"]
[EventDate "2022.08.12"]
[EventType "swiss"]
[EventRounds "9"]
[EventCountry "AUT"]
[SourceTitle "CBM 209 Extra"]
[Source "ChessBase"]
[SourceDate "2022.09.30"]
[SourceVersion "1"]
[SourceVersionDate "2022.09.30"]
[SourceQuality "1"]

1. e4 c5 2. Nf3 d6 3. d4 cxd4 4. Nxd4 Nf6 5. Nc3 a6 6. Qf3 g6 7. h3 Bg7 8. Be3 0-0 9. g4 Nc6 10. 0-0-0 Bd7 11. Qg2 b5 12. Be2 b4 13. Nd5 Nxd5 14. exd5 Nxd4 15. Bxd4 a5 16. Qe4 Qc7 17. Kb1 e5 18. Be3 Rfc8 19. Rc1 f5 20. Qd3 e4 21. Qd1 a4 22. Bd4 Bh6 23. Be3 f4 24. Bd2 Qc5 25. g5 Bxg5 26. Bg4 Bxg4 27. Qxg4 Bf6 28. Qe6+ Kg7 29. Qxe4 Rab8 30. Bxf4 a3 31. Be3 Qc7 32. Bd4 Qf7 33. Qf4 Bxd4 34. Qxd4+ Kg8 35. Rhe1 axb2 36. Kxb2 Rc5 37. Re6 Qa7 38. Qe3 Qa3+ 39. Kb1 Qxe3 40. Rxe3 Rxd5 41. Kb2 Rf5 42. Rce1 Rxf2 43. Re8+ Rf8 44. Rxb8 Rxb8 45. Re7 Rb6 46. Kb3 g5 47. Ra7 h6 48. c3 bxc3+ 49. Kxc3 h5 50. Kd3 Rb1 51. Ke4 g4 52. hxg4 hxg4 53. Kf4 Rb4+ 54. Kf5 Kf8 55. Ra3 Ke7 56. Rg3 Ra4 57. Rxg4 Rxa2 58. Rg7+ Kd8 59. Ke6 Rd2 60. Rd7+ 1/2-1/2

[Event "AUT-chT2O 2122"]
[Site "Austria"]
[Date "2022.02.13"]
[Round "5.5"]
[White "Leitner, Gerald"]
[Black "Wandl, Werner"]
[Result "0-1"]
[WhiteElo "2153"]
[BlackElo "1983"]
[PlyCount "106"]
[EventDate "2021.10.16"]
[EventType "team-tourn"]
[EventRounds "11"]
[EventCountry "AUT"]
[SourceTitle "EXT 2023"]
[Source "ChessBase"]
[SourceDate "2022.10.05"]
[SourceVersion "1"]
[SourceVersionDate "2022.10.05"]
[SourceQuality "1"]
[WhiteTeam "Tschaturanga"]
[BlackTeam "Pressbaum"]
[WhiteTeamCountry "AUT"]
[BlackTeamCountry "AUT"]

1. d4 e6 2. Nf3 Nf6 3. c4 d5 4. Nc3 c6 5. Bg5 Nbd7 6. cxd5 exd5 7. e3 Qa5 8. Bd3 Ne4 9. 0-0 f5 10. Bf4 Ndf6 11. Qc2 Bd6 12. Ne5 Nh5 13. Bxe4 Bxe5 14. Bxf5 Bxf4 15. exf4 g6 16. Bxg6+ hxg6 17. Qxg6+ Kf8 18. Qd6+ Kf7 19. Rfe1 Qd8 20. Qe5 Qf6 21. Qc7+ Kg6 22. g3 Rh7 23. Qe5 Bg4 24. Re3 Rah8 25. h4 Ng7 26. Rae1 Nf5 27. f3 Nxe3 28. Rxe3 Bd7 29. Kf2 Re8 30. Qxf6+ Kxf6 31. Re5 Rg8 32. b4 a6 33. a3 Rhg7 34. Ne2 a5 35. bxa5 Ra8 36. g4 Bxg4 37. fxg4 Rxg4 38. h5 Rxa5 39. Re3 Rh4 40. Rb3 Rxh5 41. Kf3 Rh1 42. Kg4 Ra7 43. Re3 Ra1 44. f5 R7xa3 45. Re6+ Kf7 46. Kg5 Re1 47. Rf6+ Ke7 48. Re6+ Kd7 49. Kf6 Ra2 50. Ng3 Rxe6+ 51. fxe6+ Ke8 52. Ke5 Rg2 53. Nf5 Rg5 0-1

[Event "AUT-chT2O 1920"]
[Site "Austria"]
[Date "2019.11.16"]
[Round "3.6"]
[White "Leitner, Gerald"]
[Black "Ruckschloss, Karol"]
[Result "1/2-1/2"]
[WhiteElo "2139"]
[BlackElo "2229"]
[PlyCount "91"]
[EventDate "2019.10.19"]
[EventType "team-tourn"]
[EventRounds "11"]
[EventCountry "AUT"]
[SourceTitle "CBM 193 Extra"]
[Source "ChessBase"]
[SourceDate "2020.01.31"]
[SourceVersion "1"]
[SourceVersionDate "2020.01.31"]
[SourceQuality "1"]
[WhiteTeam "Tschaturanga"]
[BlackTeam "Pamhagen"]
[WhiteTeamCountry "AUT"]
[BlackTeamCountry "AUT"]

1. d4 f5 2. Nf3 Nf6 3. g3 g6 4. Bg2 Bg7 5. 0-0 0-0 6. c4 d6 7. Nc3 c6 8. Qc2 Qc7 9. e4 fxe4 10. Nxe4 Bf5 11. Nxf6+ exf6 12. Qb3 Kh8 13. Bf4 g5 14. Be3 Nd7 15. Rfd1 Rae8 16. Rac1 Bg6 17. h4 h6 18. Qc3 Nb6 19. b3 Nc8 20. d5 c5 21. Qd2 Qd7 22. Kh2 Ne7 23. Re1 Bh5 24. b4 b6 25. b5 Nf5 26. a4 Nxe3 27. Rxe3 Rxe3 28. Qxe3 Qf5 29. Re1 Re8 30. Qd2 Rxe1 31. Nxe1 gxh4 32. Nd3 hxg3+ 33. fxg3 Bg6 34. Nf4 Bh7 35. a5 h5 36. axb6 axb6 37. Qe2 Qe5 38. Qa2 Be4 39. Bxe4 Qxe4 40. Nxh5 f5 41. Nf4 Be5 42. Qa8+ Kh7 43. Qf8 Bxf4 44. Qf7+ Kh6 45. Qf6+ Kh7 46. Qf7+ 1/2-1/2